It looks like you're offline.
Open Library logo
additional options menu

MARC record from Internet Archive

LEADER: 01612cam 2200397Ia 4500
001 ocm36164688
003 OCoLC
005 20110209181747.0
008 970107s1994 xxua 000 1 eng d
040 $aEXR$cEXR$dOCL$dOCLCQ$dOCLCG
020 $a156865202X
020 $a9781568652023
035 $a(OCoLC)36164688
050 4 $aPS3553.A529$bL68 1994
100 1 $aCannon, P. H.$q(Peter H.)
245 14 $aThe Lovecraft papers /$cP.H. Cannon ; illustrated by J.C. Eckhardt.
260 $a[United States] :$bGuildAmerica Books,$c[1994?]
300 $a150 p. :$bill. ;$c22 cm.
505 0 $aPulptime -- Scream for Jeaves.
600 10 $aLovecraft, H. P.$q(Howard Phillips),$d1890-1937$vFiction.
600 10 $aLong, Frank Belknap,$d1903-$vFiction.
650 0 $aDetective and mystery stories, American.
650 0 $aParodies.
650 0 $aHolmes, Sherlock (Fictitious character)$vFiction.
600 10 $aWodehouse, P. G.$q(Pelham Grenville),$d1881-1975$vParodies, imitations, etc.
600 10 $aDoyle, Arthur Conan,$cSir,$d1859-1930$vParodies, imitations, etc.
650 0 $aJeeves (Fictitious character)$vFiction.
650 0 $aWooster, Bertie (Fictitious character)$vFiction.
700 1 $aEckhardt, Jason C.
740 02 $aPulptime.
740 02 $aScream for Jeeves.
952 $a36164688$zEXR$bGRAND RAPIDS PUB LIBR$hFull OCLC member$iLCC$tContents$u20080829
952 $a370024496$zUBY$bBRIGHAM YOUNG UNIV LIBR$hFull$qcat$tContents$u20100701
952 $a611085837$zRBN$bBROWN UNIV$hFull OCLC member$tContents$u20100724
994 $aZ0$bPMR
948 $hNO HOLDINGS IN PMR - 26 OTHER HOLDINGS